000 00594cab a2200205 4500
001 X3766
008 090401t1996 xxu||||| |||| 00| 0 eng d
035 _a(Sirsi) u32635
041 _aeng
245 _aNew party wall legislation
260 _c1996
350 _a0
490 _aCSM (Chartered Surveyor Monthly)
_v5(11) September 1996, 23(1)
520 _aThe Party Wall etc Act 1996 was given royal assent on 18 July 1996.
650 _aPARTY WALL ETC ACT 1996
650 _aParty walls
_96258
690 _aBUILT ENVIRONMENT-BUILDING INSPECTION
942 _n0
948 _c04/03/1997
999 _c21833
_d21833